1476 1437 1816 1713 1599 1640 1147 1018 1227 1752 1220 1342 1600 1806 1596 1828 1229 1892 1331 1281 1642 1968 1857 1396 1564 1107 1990 1759 1194 1180 1372 1861 1272 1646 1358 1534 1848 1790 1487 1789 1333 1836 1346 1913 1158 1330 1100 1132 1944 1977 1705 1301 1012 1257 1277 1550 1943 1934 1980 1830 1939 1668 1350 1411 1579 1596 1898 1837 1989 1408 1140 1876 1343 1372 1655 1460 1361 1631 1929 1005 1428 1791 1498 1236 1721 1752 1603 1944 1436 1268 1517 1683 1857 1589 1355 1293 1196 1109 1712 BCNSPRNW ULIB Ver.6.0+V

เปลี่ยนเป็นภาษาไทย

Change to English
 แสดงรายละเอียดบรรณานุกรม
  กลับหน้าหลัก

Brief Record : Get Marc (ISO 2709) : E-mail record : QR code < ปิดหน้าต่าง
LEADER : 00000nam 2200000uu 4500
001    13399126097
003     ULIB
008    020711s2017 th a 000 0 eng d
020    ^a9781496362247
060    ^aQV4^bK18F
100    ^aAmy M. Karch.
245    ^aFocus on Nursing Pharmacology
250    ^a7th ed
260    ^aPhiladelphia :^bWolters Kluwer,^c2017
300    ^a1106 pages;^b30 cm
650    ^aPharmaceutical Preparations
650  0 ^aDrug Therapy
945    ^p2439^l0^i004121
999    ^aประนอม เกษจรัล
รายการนี้ยังไม่มีแท็ก
คุณยังไม่ได้ล็อกอิน คุณสามารถมีกิจกรรมร่วมกับเว็บไซต์ได้ แต่ต้องล็อกอินก่อน ::
  ล็อกอิน

รายการสื่อสารสนเทศ

ลำดับที่ ประเภท เลขเรียก/บาร์โค้ด สถานที่ สถานะ
1. วิทยาศาสตร์การแพทย์ และสุขภาพ
หนังสือสำรอง
สถานะ=หนังสือสำรอง
QV4 K18F ฉ.1 
  Barcode: 004121
ห้องสมุดวิทยาเขตสวรรค์ประชารักษ์
►หนังสือทั่วไป
บนชั้น

รายการใกล้เคียง
    ชื่อเรื่อง [Focus on Nursing Pharmacology]

    ผู้แต่ง [Amy M. Karch.]

    หัวเรื่อง [Pharmaceutical Preparations]
    หัวเรื่อง [Drug Therapy]

BibComment


ยังไม่เคยถูกคอมเมนท์

คอมเมนท์ทรัพยากรรายการนี้
  คอมเมนท์: Focus on Nursing..


 Copyright 2026. Bcnsprnw @Library